| Tag |
First Indicator |
Second Indicator |
Subfields |
| LEADER |
00000cgm a2200000 a 4500 |
| 001 |
in00000028940 |
| 005 |
20151007054743.0 |
| 007 |
vf mbahou |
| 008 |
861117s1986 nju050 e vleng d |
| 035 |
|
|
|a (OCoLC)14758833
|
| 035 |
|
|
|9 AAB6122AM
|
| 040 |
|
|
|a MOU
|c MOU
|d TXA
|d UtOrBLW
|
| 049 |
|
|
|a TXAV
|c [A10153161]
|
| 050 |
|
4 |
|a BF685
|b .P44 1986
|
| 082 |
0 |
4 |
|a 150
|
| 090 |
|
|
|a HQ21
|b .P45 1986
|
| 245 |
0 |
0 |
|a Phil Donahue examines the human animal.
|p Love and sex /
|c story by Phil Donahue ; script by Hank Whittemore ; produced and directed by Merrill Brockway.
|
| 246 |
3 |
0 |
|a Human animal
|
| 246 |
3 |
0 |
|a Love and sex
|
| 264 |
|
1 |
|a Princeton, N.J. :
|b Films for the Humanities,
|c [1986]
|
| 264 |
|
4 |
|c ©1986
|
| 300 |
|
|
|a 1 videocassette (50 min.) :
|b sound, color with black and white sequences ;
|c 1/2 in. +
|e discussion guide.
|
| 336 |
|
|
|a two-dimensional moving image
|b tdi
|2 rdacontent
|
| 337 |
|
|
|a video
|b v
|2 rdamedia
|
| 338 |
|
|
|a videocassette
|b vf
|2 rdacarrier
|
| 538 |
|
|
|a VHS format.
|
| 508 |
|
|
|a Graphic design, Jeffrey Schon, Veronica Soul, Bob Pook ; editor, Girish Bhargava.
|
| 500 |
|
|
|a Originally aired on NBC as part of the five-part series Phil Donahue examines the human animal.
|
| 520 |
|
|
|a Phil Donahue explores the human relationships of love and sex in various stages of life. Discusses what shapes a child as a sexual being. Examines the sexual behavior of today's teenagers and their attitudes toward love and sex. Discusses the marriage relationship, sexual problems, and the homosexual. Includes numerous comments from men, women, and teenagers, as well as research and commentary from experts.
|
| 500 |
|
|
|a Discussion guide inserted in container.
|
| 500 |
|
|
|a Videorecording.
|
| 650 |
|
0 |
|a Sex.
|
| 650 |
|
0 |
|a Love.
|
| 650 |
|
0 |
|a Marriage.
|
| 650 |
|
0 |
|a Youth
|x Sexual behavior.
|
| 650 |
|
0 |
|a Child development.
|
| 655 |
|
7 |
|a Educational television programs.
|2 lcgft
|
| 700 |
1 |
|
|a Brockway, Merrill.
|
| 700 |
1 |
|
|a Donahue, Phil.
|
| 710 |
2 |
|
|a Films for the Humanities (Firm)
|
| 730 |
0 |
|
|a Phil Donahue examines the human animal (Television program)
|
| 999 |
|
|
|a MARS
|
| 999 |
f |
f |
|s d4058d1c-a636-321a-af16-7f03e84871ad
|i f7c2115f-426c-3421-8bbc-d57683ec6970
|t 0
|
| 952 |
f |
f |
|p ric
|a Texas A&M University
|b Rellis Campus
|c Joint Library Facility
|d Remote Storage
|t 0
|e HQ21 .P45 1986
|h Library of Congress classification
|i video -- videocassette
|m A14810153161
|
| 998 |
f |
f |
|a HQ21 .P45 1986
|t 0
|l Remote Storage
|